000 00340nam a2200121 a 4500
005 20140414131904.0
008 100922s19uu xx 00 eng d
050 _aFIC
_bM46 2003
100 _aMedearis, Angela Shelf
245 _aWith friends like these? Who needs enemies?.
260 _aNew York :
_bScholastic ,
_c2003.
999 _c110829
_d110829